000 00986nam a2200337 4500
001 00417320
003 DO-SdBPM
005 20250617112836.0
007 00417320
008 941021r1996 sp || ||spa
017 _a
_b
020 _a8422659131
035 _a
040 _aDO-SdBPM
_bspa
_cBPMSU
_e
080 0 _a
082 4 _a833.8
_bH352u 1996
_222
100 1 _aHasler, Eveline
_d1933-
245 1 0 _aUn montón de nadas /
_cEveline Hasler ; ilustraciones, Asun Balzola ; traducción María Teresa Bolz
_h
250 _a
260 _aMadrid :
_bSM,
_c1996
300 _a99 p. :
_bil. ;
_c19 cm
440 3 _v47
490 0 _aEl barco de vapor;
_aSerie naranja,
_v47
590 _aInventariado, 2025/VM
650 4 _aCuentos infantiles suizos
650 4 _aAmistad
_vCuentos infantiles.
700 1 _aBalzola, Asun
_d1942-2006
_eilustración
700 1 _aBolz, María Teresa,
_etraductor
910 _aVMateo V. Control de calidad. BPMSU
942 _2ddc
_cBK
999 _c9650
_d9650